Statistics for Top NHL Scorers by Decade

Click here to take the quiz!

General Stats

  • This quiz has been taken 53 times
  • The average score is 42 of 71

Answer Stats

DecadePointsPlayer% Correct
2020s381Connor McDavid
100%
2020s239Sidney Crosby
100%
2010s757Sidney Crosby
100%
1990s870Steve Yzerman
100%
1990s878Wayne Gretzky
100%
1980s1842Wayne Gretzky
100%
2010s749Alex Ovechkin
98%
1990s958Jaromír Jágr
93%
2000s641Jaromír Jágr
93%
1980s937Mark Messier
93%
1960s786Bobby Hull
90%
1990s842Brett Hull
90%
2010s792Patrick Kane
90%
1990s896Joe Sakic
88%
1970s1087Phil Esposito
88%
1980s1043Jari Kurri
86%
2020s322Leon Draisaitl
86%
2020s257Auston Matthews
83%
1960s780Gordie Howe
83%
2000s823Joe Thornton
83%
2010s695Evgeni Malkin
81%
2010s691Steven Stamkos
81%
2000s724Jarome Iginla
79%
1970s941Guy Lafleur
74%
2020s264Nathan MacKinnon
71%
1960s544Henri Richard
69%
1980s952Paul Coffey
69%
1970s928Marcel Dionne
67%
1980s843Marcel Dionne
67%
1990s814Ron Francis
67%
2020s263Mitch Marner
64%
2000s723Daniel Alfredsson
60%
2020s238David Pastrňák
60%
2000s659Martin St. Louis
60%
1970s891Bobby Clarke
57%
2010s715John Tavares
57%
1990s864Mark Recchi
57%
2020s263Mikko Rantanen
57%
1990s896Adam Oates
55%
1960s827Stan Mikita
55%
2000s642Ilya Kovalchuk
50%
1960s633Jean Béliveau
48%
1980s1059Peter Štastný
45%
1980s929Dale Hawerchuk
43%
2020s256Matthew Tkachuk
43%
2000s644Vincent Lecavalier
43%
2000s625Dany Heatley
40%
1980s1013Denis Savard
40%
1990s827Pierre Turgeon
40%
1960s636Frank Mahovlich
38%
1970s732Frank Mahovlich
38%
2010s741Claude Giroux
36%
2020s238Johnny Gaudreau
36%
2010s669Nicklas Bäckström
36%
1990s818Theoren Fleury
36%
2020s246Artemi Panarin
33%
2000s683Marian Hossa
33%
1970s782Darryl Sittler
31%
1970s861Jean Ratelle
31%
1960s583Johnny Bucyk
31%
1980s897Michel Goulet
31%
1960s660Alex Delvecchio
29%
1960s549Dave Keon
29%
1970s869Gilbert Perreault
26%
1970s670Jacques Lemaire
26%
1960s675Norm Ullman
26%
2010s680Phil Kessel
26%
1980s877Bernie Federko
21%
2010s678Blake Wheeler
14%
2000s639Brad Richards
14%
1970s674Rick Martin
5%

Score Distribution

Percentile by Number Answered

Percent of People with Each Score

Your Score History

You have not taken this quiz